Elémens d'arithmétique, de géometrie et d'algébre (Record no. 153620)

MARC details
000 -LEADER
campo de control de longitud fija 00999nam a22002295i 4500
001 - NÚMERO DE CONTROL
campo de control 153620
003 - IDENTIFICADOR DE NÚMERO DE CONTROL
campo de control ES-MaACL
005 - FECHA Y HORA DE LA ÚLTIMA TRANSACCIÓN
campo de control 20250903015808.0
008 - DATOS DE LONGITUD FIJA--INFORMACIÓN GENERAL
campo de control de longitud fija 050808s1787 fr | |||||||| ||fre d
040 ## - FUENTE DE CATALOGACIÓN
Centro catalogador/agencia de origen CAM
Lengua de catalogación spa
Centro/agencia transcriptor CAM
245 00 - MENCIÓN DEL TÍTULO
Título Elémens d'arithmétique, de géometrie et d'algébre
Resto del título : suivis d'un Traité élémentaire de trigonométrie rectiligne & sphérique & d'une introduction au calcul infinitézimal...
250 ## - MENCION DE EDICION
Mención de edición Troisième édition revue, corrigée & augmentée.
260 ## - PUBLICACIÓN, DISTRIBUCIÓN, ETC.
Lugar de publicación, distribución, etc. A Montauban :
Nombre del editor, distribuidor, etc. de l'Imprimerie de Vincent Teulieres ...,
Fecha de publicación, distribución, etc. 1787.
300 ## - DESCRIPCIÓN FÍSICA
Extensión xxiv, 471, [1] p., VI h. pleg. de grab., III h. pleg. de tablas ;
Dimensiones 8º.
597 ## - NOTA DE DESCRIPCIÓN FÍSICA
NOTA DE DESCRIPCIÓN FÍSICA Sign.: A-C4, A-Z4, Aa-SS4, Tt3, Vv-Zz4, Aaa-Ooo4.
597 ## - NOTA DE DESCRIPCIÓN FÍSICA
NOTA DE DESCRIPCIÓN FÍSICA Error de pag., pasa de la pag. 386 a 381.
599 ## - NOTA A LAS ILUSTRACIONES
NOTA A LAS ILUSTRACIONES Las h. de grab. calc.: "Gravé par Mercadier"
650 #7 - PUNTO DE ACCESO ADICIONAL DE MATERIA--TÉRMINO DE MATERIA
Término de materia o nombre geográfico como elemento de entrada Matemáticas
Fuente del encabezamiento o término embne
9 (RLIN) 14814
852 ## - LOCALIZACIÓN
Ubicación ES-MaACL
Número de control de estantería R-1430
Nota libre -- Enc. piel
Encuadernación -- Olim: G-12076
942 ## - ELEMENTOS DE ENTRADA SECUNDARIOS (KOHA)
Fuente del sistema de clasificación o colocación Clasificación decimal universal
Holdings
Estatus retirado Estado de pérdida Estado de daño No para préstamo Colección Biblioteca de origen Biblioteca actual Ubicación en estantería Fecha de adquisición Fuente de adquisición Total de préstamos Signatura topográfica completa Código de barras Visto por última vez Precio de reemplazo Tipo de ítem Koha
        Libros del s. XVIII Biblioteca del Ateneo de Madrid Biblioteca del Ateneo de Madrid Depósito 17/01/2008     R-1430 1160594 23/02/2023 23/02/2023 Libro impreso antiguo